000 00291nam a22001337a 4500
020 _a9781441979421
041 _aENG
100 _aLing.F.F
245 _aFundamentals Of Combustion Processes
260 _aDelhi
_bSpringer
_c2011
300 _a302
650 _aFMP
856 _uFMP ( 04 )
999 _c1418
_d1418